Logo Quiz - Statistics

General Stats
  • This quiz has been taken 80 times
  • The average score is 38 of 51
Answer Stats
Picture Answer % Correct
Pepsi
97%
Amazon
96%
Dominos
94%
Sprite
94%
YouTube
94%
Facebook
93%
McDonalds
93%
PlayStation
93%
Nike
91%
Dunkin Donuts
90%
Yahoo
90%
Adidas
88%
Instagram
87%
Lays
87%
Target
87%
PayPal
86%
Skype
86%
Subway
86%
Doritos
83%
Apple
80%
Wikipeadia
77%
Gatorade
75%
Google
75%
Spotify
74%
Twitter
74%
Dreamworks
72%
Kellogg's
72%
Pizza Hut
72%
Tesla
72%
UPS
72%
Excel
71%
Firefox
71%
Reddit
71%
Starbucks
71%
TMobile
71%
Kentucky Fried Chicken
70%
Xbox
70%
Gmail
68%
Snapchat
68%
Chrome
61%
Microsoft
61%
Hershey's
59%
Wendys
59%
Candy Corn
58%
Internet Explorer
58%
NBC
58%
Walmart
58%
Baskin Robins
52%
AT&T
42%
Mountain Dew
38%
Android
19%
No matching quizzes found
Score Distribution
Percent of People with Each Score
Percentile by Number Answered
Your Score History
You have not taken this quiz